000 00442nam a2200169Ia 4500
008 230711s9999||||xx |||||||||||||| ||und||
020 _a978-0-07-061679-0
041 _aENG
082 _a620.03
_bGR-M
100 _aGraham Kelly,S
245 0 _aMechanical Vibrations
250 _a1st Ed.
260 _c2016
_aNew Delhi
_bMcGraw Hill Education(India) Private Limited
300 _a11.29p.
650 _aMechanical Engineering
942 _cBK
999 _c6674
_d6674